[Event "15. Obert Int. Sant Martí 2013 - B"]
[Site "Barcelona ESP"]
[Date "2013.07.19"]
[Round "7.60"]
[White "Domenche Redondo, Francesc"]
[Black "Navarro Pastor, Raul"]
[Result "1-0"]
[WhiteElo "1710"]
[BlackElo "1448"]
[PlyCount "63"]
[EventDate "2013.07.13"]
[EventType "swiss"]
[EventRounds "9"]
[EventCountry "ESP"]
[SourceTitle "Ajedrez en Madrid"]
[Source "lmi"]
[SourceDate "2013.07.13"]
[SourceVersion "1"]
[SourceVersionDate "2019.06.21"]
[SourceQuality "1"]

1. d4 Nf6 2. Nf3 g6 3. c4 Bg7 4. Nc3 d6 5. e4 O-O 6. Be2 e5 7. dxe5 dxe5 8.
Qxd8 Rxd8 9. Bg5 Re8 10. h3 Nc6 11. Be3 Nh5 12. Nd5 Nb4 13. Nxb4 Nf4 14. Bf1 f5
15. Nd5 Nxd5 16. exd5 e4 17. Nd2 Bxb2 18. Rb1 Bc3 19. Rb3 Be5 20. g3 c6 21. Be2
cxd5 22. cxd5 Rd8 23. O-O Kg7 24. f4 Bf6 25. Bc4 b6 26. Rd1 Bb7 27. Nb1 Bc6 28.
Nc3 Bb7 29. Nb5 Rd7 30. d6 Rc8 31. Be6 Rxd6 32. Rxd6 1-0

[Event "15. Obert Int. Sant Martí 2013 - B"]
[Site "Barcelona ESP"]
[Date "2013.07.19"]
[Round "7.62"]
[White "Calbet Freixanet, Eduard"]
[Black "Rodriguez Monago, Juan Antonio"]
[Result "1/2-1/2"]
[WhiteElo "1676"]
[BlackElo "1445"]
[PlyCount "75"]
[EventDate "2013.07.13"]
[EventType "swiss"]
[EventRounds "9"]
[EventCountry "ESP"]
[SourceTitle "Ajedrez en Madrid"]
[Source "lmi"]
[SourceDate "2013.07.13"]
[SourceVersion "1"]
[SourceVersionDate "2019.06.21"]
[SourceQuality "1"]

1. d4 d5 2. c4 c6 3. Nf3 Nf6 4. Nc3 e6 5. Bf4 Bd6 6. Bxd6 Qxd6 7. c5 Qc7 8. e3
Nbd7 9. b4 a6 10. a4 O-O 11. b5 b6 12. cxb6 Nxb6 13. a5 Nbd7 14. b6 Qd6 15. Bd3
c5 16. O-O c4 17. Bc2 Rb8 18. Qc1 Bb7 19. Qa3 Qxa3 20. Rxa3 Rbc8 21. Re1 Rfe8
22. Ba4 Re7 23. Nd2 e5 24. dxe5 Nxe5 25. Bc2 Nc6 26. Bf5 Rce8 27. Rd1 d4 28.
Nxc4 dxc3 29. Rxc3 g6 30. Bb1 Kg7 31. Rcd3 Ne5 32. Nxe5 Rxe5 33. Ba2 Rxa5 34.
Bc4 Rae5 35. h3 R8e7 36. Ra3 Rc5 37. Bxa6 Bxa6 38. Rxa6 1/2-1/2

[Event "15. Obert Int. Sant Martí 2013 - B"]
[Site "Barcelona ESP"]
[Date "2013.07.19"]
[Round "7.63"]
[White "Gomez Guinovart, Josep Manel"]
[Black "Olleta Tanya, Jordi"]
[Result "1-0"]
[WhiteElo "1670"]
[BlackElo "1527"]
[PlyCount "91"]
[EventDate "2013.07.13"]
[EventType "swiss"]
[EventRounds "9"]
[EventCountry "ESP"]
[SourceTitle "Ajedrez en Madrid"]
[Source "lmi"]
[SourceDate "2013.07.13"]
[SourceVersion "1"]
[SourceVersionDate "2019.06.21"]
[SourceQuality "1"]

1. d4 Nf6 2. Nf3 g6 3. h3 Bg7 4. Bf4 d6 5. e3 O-O 6. Bc4 d5 7. Bd3 Nc6 8. O-O
Nb4 9. Be2 Bf5 10. Na3 Nh5 11. Bh2 Nf6 12. c3 Nc6 13. Rc1 Ne4 14. Nb1 Re8 15.
a3 Rc8 16. c4 e6 17. g4 Ng5 18. gxf5 Nxh3+ 19. Kg2 Ng5 20. fxg6 fxg6 21. Nbd2
Qf6 22. Ne5 Nxe5 23. Bxe5 Qf5 24. Bg4 Qf7 25. Bxg7 Kxg7 26. cxd5 h5 27. dxe6
Rxe6 28. Bxe6 Qxe6 29. Rh1 Qd5+ 30. f3 c6 31. Rc5 Qd8 32. Qe1 Qf6 33. Qh4 Kh6
34. f4 Nh7 35. Qxf6 Nxf6 36. Kf3 Re8 37. Rg5 Nh7 38. Re5 Rf8 39. Ne4 b6 40. Rc1
Rc8 41. Re6 c5 42. dxc5 Nf8 43. Rd6 b5 44. c6 Rc7 45. Nf6 Rc8 46. c7 1-0

[Event "15. Obert Int. Sant Martí 2013 - B"]
[Site "Barcelona ESP"]
[Date "2013.07.19"]
[Round "7.64"]
[White "Custodio Criado, Jofre"]
[Black "Molina Cabaleiro, Juan Jose"]
[Result "0-1"]
[WhiteElo "1568"]
[BlackElo "1801"]
[PlyCount "56"]
[EventDate "2013.07.13"]
[EventType "swiss"]
[EventRounds "9"]
[EventCountry "ESP"]
[SourceTitle "Ajedrez en Madrid"]
[Source "lmi"]
[SourceDate "2013.07.13"]
[SourceVersion "1"]
[SourceVersionDate "2019.06.21"]
[SourceQuality "1"]

1. e4 c5 2. Nf3 Nf6 3. Nc3 d5 4. exd5 Nxd5 5. Bb5+ Bd7 6. Qe2 Nxc3 7. dxc3 Nc6
8. Bf4 a6 9. Bxc6 Bxc6 10. O-O Qd5 11. Rfd1 Qe4 12. Qd2 f6 13. Re1 Qg6 14. Qe2
O-O-O 15. Qe6+ Bd7 16. Qb6 e5 17. Bg3 Bc6 18. Nh4 Qxc2 19. Rac1 Qd3 20. f3 g5
21. Rcd1 Qxd1 22. Rxd1 Rxd1+ 23. Kf2 gxh4 24. Bxh4 Be7 25. Ke2 Rhd8 26. Qb3
Bb5+ 27. Kf2 e4 28. Qc2 R8d2+ 0-1

[Event "15. Obert Int. Sant Martí 2013 - B"]
[Site "Barcelona ESP"]
[Date "2013.07.19"]
[Round "7.65"]
[White "Roig Martinez, Cristina"]
[Black "Perez Garcia, Francisco Jose"]
[Result "0-1"]
[WhiteElo "1476"]
[BlackElo "1840"]
[PlyCount "76"]
[EventDate "2013.07.13"]
[EventType "swiss"]
[EventRounds "9"]
[EventCountry "ESP"]
[SourceTitle "Ajedrez en Madrid"]
[Source "lmi"]
[SourceDate "2013.07.13"]
[SourceVersion "1"]
[SourceVersionDate "2019.06.21"]
[SourceQuality "1"]

1. e4 c5 2. Nf3 d6 3. h3 Nf6 4. Nc3 g6 5. Bc4 Bg7 6. d3 O-O 7. O-O Nc6 8. a3 a6
9. Be3 b5 10. Ba2 Bb7 11. Qc1 Re8 12. Rb1 Nd7 13. Ne2 e6 14. c4 b4 15. d4 cxd4
16. Nexd4 Nxd4 17. Nxd4 Bxe4 18. Ra1 bxa3 19. bxa3 Qh4 20. Bb1 Bxb1 21. Rxb1
Bxd4 22. Qd1 Bxe3 23. fxe3 Qg3 24. Rb7 Rab8 25. Rxd7 Rb2 26. Qf3 Qxf3 27. Rxf3
f5 28. Rxd6 Rc2 29. Rxa6 Rxc4 30. Ra7 Rec8 31. Rf4 R4c7 32. Rxc7 Rxc7 33. Kf2
Kf7 34. a4 Ra7 35. Kf3 Kf6 36. h4 h6 37. e4 e5 38. exf5 exf4 0-1

[Event "15. Obert Int. Sant Martí 2013 - B"]
[Site "Barcelona ESP"]
[Date "2013.07.19"]
[Round "7.66"]
[White "Pascual Duran, Pau"]
[Black "Sanchez Paz, Josep"]
[Result "0-1"]
[WhiteElo "1473"]
[BlackElo "1710"]
[PlyCount "56"]
[EventDate "2013.07.13"]
[EventType "swiss"]
[EventRounds "9"]
[EventCountry "ESP"]
[SourceTitle "Ajedrez en Madrid"]
[Source "lmi"]
[SourceDate "2013.07.13"]
[SourceVersion "1"]
[SourceVersionDate "2019.06.21"]
[SourceQuality "1"]

1. d4 e5 2. dxe5 Nc6 3. Nf3 Qe7 4. Bf4 Qb4+ 5. Bd2 Qxb2 6. Nc3 Nb4 7. Nd4 Bc5
8. Rb1 Qa3 9. Ndb5 Qa5 10. e4 a6 11. Nd5 axb5 12. Bxb4 Bxb4+ 13. Rxb4 c5 14.
Nc7+ Qxc7 15. Rxb5 Qxe5 16. Qf3 Qa1+ 17. Kd2 Qd4+ 18. Bd3 c4 19. Rd5 c3+ 20.
Ke2 Qb6 21. Bc4 Nf6 22. Rd3 d5 23. exd5 Bg4 24. Re3+ Kd7 25. d6 Rhe8 26. Re7+
Rxe7+ 27. dxe7 Bxf3+ 28. gxf3 Re8 0-1

[Event "15. Obert Int. Sant Martí 2013 - B"]
[Site "Barcelona ESP"]
[Date "2013.07.19"]
[Round "7.68"]
[White "Sanchez Viana, Jordi"]
[Black "Mir Bellmunt, Jose"]
[Result "1/2-1/2"]
[WhiteElo "1626"]
[BlackElo "1442"]
[PlyCount "34"]
[EventDate "2013.07.13"]
[EventType "swiss"]
[EventRounds "9"]
[EventCountry "ESP"]
[SourceTitle "Ajedrez en Madrid"]
[Source "lmi"]
[SourceDate "2013.07.13"]
[SourceVersion "1"]
[SourceVersionDate "2019.06.21"]
[SourceQuality "1"]

1. e4 d5 2. exd5 Qxd5 3. Nc3 Qa5 4. d4 c6 5. Nf3 Nf6 6. Bd3 Bg4 7. O-O e6 8. h3
Bxf3 9. Qxf3 Bd6 10. Ne4 Nxe4 11. Qxe4 Qc7 12. Qg4 g6 13. Bh6 Nd7 14. Rae1
O-O-O 15. c4 Bf8 16. Bf4 Bd6 17. Bh6 Bf8 1/2-1/2

[Event "15. Obert Int. Sant Martí 2013 - B"]
[Site "Barcelona ESP"]
[Date "2013.07.19"]
[Round "7.72"]
[White "Harutian, Arthur William"]
[Black "Catala Morales, Joaquim"]
[Result "0-1"]
[WhiteElo "1517"]
[BlackElo "1413"]
[PlyCount "90"]
[EventDate "2013.07.13"]
[EventType "swiss"]
[EventRounds "9"]
[EventCountry "ESP"]
[SourceTitle "Ajedrez en Madrid"]
[Source "lmi"]
[SourceDate "2013.07.13"]
[SourceVersion "1"]
[SourceVersionDate "2019.06.21"]
[SourceQuality "1"]

1. e4 c5 2. Nf3 Nc6 3. d4 cxd4 4. Nxd4 Nf6 5. Nc3 e5 6. Ndb5 d6 7. Be2 a6 8.
Na3 b5 9. Nd5 Nxe4 10. Bf3 f5 11. O-O Nd4 12. Bxe4 fxe4 13. Re1 Bb7 14. c3 Bxd5
15. cxd4 exd4 16. Qh5+ Bf7 17. Rxe4+ Be7 18. Qe2 Ra7 19. Bg5 h6 20. Bxe7 Rxe7
21. Re1 Re5 22. Rxe5+ dxe5 23. Qxe5+ Kf8 24. Re4 d3 25. Rd4 Qc8 26. Qd6+ Kg8
27. Qf4 Qe8 28. Qd2 Qe2 29. Rxd3 Qxd2 30. Rxd2 Bxa2 31. Rd6 b4 32. Nc2 a5 33.
Ra6 Kh7 34. Rxa5 Rd8 35. h3 Rd1+ 36. Kh2 b3 37. Nb4 Bb1 38. Rd5 Re1 39. Rd2 h5
40. Kg3 g5 41. h4 gxh4+ 42. Kf3 Be4+ 43. Kf4 Bxg2 44. Rd7+ Kg6 45. Rd8 Re4# 0-1

[Event "15. Obert Int. Sant Martí 2013 - B"]
[Site "Barcelona ESP"]
[Date "2013.07.19"]
[Round "7.74"]
[White "Fernandez Benito, Fco. Javier"]
[Black "Bernat Pascual, Magi"]
[Result "1-0"]
[WhiteElo "1702"]
[BlackElo "1511"]
[PlyCount "47"]
[EventDate "2013.07.13"]
[EventType "swiss"]
[EventRounds "9"]
[EventCountry "ESP"]
[SourceTitle "Ajedrez en Madrid"]
[Source "lmi"]
[SourceDate "2013.07.13"]
[SourceVersion "1"]
[SourceVersionDate "2019.06.21"]
[SourceQuality "1"]

1. d4 d5 2. Nf3 c6 3. Bf4 Nf6 4. e3 e6 5. Nbd2 Nbd7 6. Bd3 Be7 7. c4 O-O 8. O-O
dxc4 9. Nxc4 Nd5 10. Bd6 b5 11. Bxe7 Qxe7 12. Nce5 Bb7 13. a3 a6 14. b4 Nxe5
15. Nxe5 Rfd8 16. Rc1 Rac8 17. Rc5 f6 18. Nf3 Qf7 19. Qc2 Nb6 20. Bxh7+ Kf8 21.
Bg6 Qe7 22. Rh5 Kg8 23. Qe4 Rd5 24. Rh8+ 1-0

[Event "15. Obert Int. Sant Martí 2013 - B"]
[Site "Barcelona ESP"]
[Date "2013.07.19"]
[Round "7.75"]
[White "Quemades Schmid, Ricardo"]
[Black "Ylla Soro, Rafael"]
[Result "0-1"]
[WhiteElo "1481"]
[BlackElo "1596"]
[PlyCount "56"]
[EventDate "2013.07.13"]
[EventType "swiss"]
[EventRounds "9"]
[EventCountry "ESP"]
[SourceTitle "Ajedrez en Madrid"]
[Source "lmi"]
[SourceDate "2013.07.13"]
[SourceVersion "1"]
[SourceVersionDate "2019.06.21"]
[SourceQuality "1"]

1. d4 f5 2. Bf4 Nf6 3. e3 e6 4. Nf3 Be7 5. Bd3 b6 6. Nbd2 Bb7 7. h3 O-O 8. Qe2
Nc6 9. a3 a5 10. Rg1 Nd5 11. Bh2 Bd6 12. Ne5 Nxe5 13. dxe5 Bc5 14. g4 f4 15. g5
fxe3 16. Bxh7+ Kf7 17. fxe3 Nxe3 18. Rg3 Nf5 19. Bxf5 exf5 20. Qc4+ Kg6 21.
O-O-O Rh8 22. Bg1 Be7 23. Be3 a4 24. Rdg1 Ra5 25. e6 Bd5 26. Qf1 dxe6 27. Nf3
Bd6 28. R3g2 Rxh3 0-1

[Event "15. Obert Int. Sant Martí 2013 - B"]
[Site "Barcelona ESP"]
[Date "2013.07.19"]
[Round "7.77"]
[White "Bernat Mor, Juli"]
[Black "Bienvenido Kleque, Jose"]
[Result "0-1"]
[WhiteElo "1249"]
[BlackElo "1513"]
[PlyCount "94"]
[EventDate "2013.07.13"]
[EventType "swiss"]
[EventRounds "9"]
[EventCountry "ESP"]
[SourceTitle "Ajedrez en Madrid"]
[Source "lmi"]
[SourceDate "2013.07.13"]
[SourceVersion "1"]
[SourceVersionDate "2019.06.21"]
[SourceQuality "1"]

1. e4 c5 2. Nf3 Nc6 3. d4 cxd4 4. Nxd4 Nf6 5. Nc3 e5 6. Nb3 d6 7. h3 Be6 8. Be3
Be7 9. g3 d5 10. Bg5 Nxe4 11. Bxe7 Nxc3 12. bxc3 Qxe7 13. Bg2 Rd8 14. O-O O-O
15. Qe2 Rd7 16. Kh2 Rfd8 17. Nd2 Qc5 18. c4 dxc4 19. Ne4 Qe7 20. Qe3 Nd4 21.
Rac1 f6 22. Nc3 Nc6 23. Ne4 Bf7 24. Rb1 b6 25. Nc3 Nd4 26. Rb2 Kh8 27. Rfb1 Bg6
28. Qc1 Bf7 29. a4 Nf5 30. a5 bxa5 31. Rb7 Qd6 32. Rxd7 Qxd7 33. Qa3 h6 34. Rb7
Qe6 35. Qxa5 Rd2 36. Qxa7 Nd6 37. Re7 Qf5 38. Ne4 Nxe4 39. Rxf7 Qg6 40. Rxg7
Qxg7 41. Qb8+ Qg8 42. Qa7 Rxf2 43. Kg1 Rxg2+ 44. Kf1 Rxg3 45. Qe7 Rg1+ 46. Ke2
Qg2+ 47. Ke3 Re1# 0-1

[Event "15. Obert Int. Sant Martí 2013 - B"]
[Site "Barcelona ESP"]
[Date "2013.07.20"]
[Round "8.1"]
[White "Iglesias Garcia, Jorge"]
[Black "Alvarez Serrano, Carlos"]
[Result "1-0"]
[WhiteElo "1956"]
[BlackElo "1894"]
[PlyCount "85"]
[EventDate "2013.07.13"]
[EventType "swiss"]
[EventRounds "9"]
[EventCountry "ESP"]
[SourceTitle "Ajedrez en Madrid"]
[Source "lmi"]
[SourceDate "2013.07.13"]
[SourceVersion "1"]
[SourceVersionDate "2019.06.21"]
[SourceQuality "1"]

1. d4 e6 2. Nf3 b6 3. c4 Nf6 4. Nc3 Bb4 5. e3 Ne4 6. Qc2 Bb7 7. Bd3 f5 8. Bd2
Bxc3 9. Bxc3 Nxc3 10. Qxc3 Qf6 11. O-O-O d6 12. Rhe1 Nd7 13. e4 O-O 14. e5 Qh6+
15. Qd2 Qxd2+ 16. Rxd2 Bxf3 17. gxf3 dxe5 18. dxe5 Rfd8 19. Bc2 Kf8 20. Bxf5
exf5 21. e6 Ne5 22. Rxe5 Ke7 23. Red5 Rd6 24. Rxf5 Rxd2 25. Kxd2 Kxe6 26. Rd5
Rf8 27. Ke3 c6 28. Rd4 a5 29. Rh4 h6 30. Rg4 g5 31. Re4+ Kf5 32. Re7 Rf6 33. a3
c5 34. Re8 h5 35. Re4 Rd6 36. f4 gxf4+ 37. Rxf4+ Kg5 38. h4+ Kg6 39. Ke4 Rd2
40. b3 Rb2 41. Rf3 Rd2 42. Ke5 Kg7 43. a4 1-0

[Event "15. Obert Int. Sant Martí 2013 - B"]
[Site "Barcelona ESP"]
[Date "2013.07.20"]
[Round "8.2"]
[White "Moreno Perez, Norberto"]
[Black "Blesa Fernandez, Francisco"]
[Result "1-0"]
[WhiteElo "1920"]
[BlackElo "1951"]
[PlyCount "89"]
[EventDate "2013.07.13"]
[EventType "swiss"]
[EventRounds "9"]
[EventCountry "ESP"]
[SourceTitle "Ajedrez en Madrid"]
[Source "lmi"]
[SourceDate "2013.07.13"]
[SourceVersion "1"]
[SourceVersionDate "2019.06.21"]
[SourceQuality "1"]

1. e4 c5 2. Nc3 Nc6 3. Nf3 e6 4. Be2 Nf6 5. O-O Qc7 6. d4 cxd4 7. Nxd4 a6 8.
Nxc6 bxc6 9. Bd3 Bd6 10. h3 h5 11. f4 Bc5+ 12. Kh2 d5 13. e5 Nd7 14. Qe2 Bb7
15. Bd2 g5 16. Rae1 g4 17. h4 Be7 18. g3 c5 19. b3 Qc6 20. a4 O-O-O 21. a5 Rde8
22. Ra1 f6 23. Na4 fxe5 24. fxe5 Ref8 25. Bf4 Kc7 26. Nb6 Nxb6 27. Bxa6 Bxa6
28. axb6+ Qxb6 29. Rxa6 Qb7 30. Rxe6 Kd7 31. Rg6 Rhg8 32. Qd3 Rxg6 33. Qxg6 Qb5
34. Rf2 Rxf4 35. Rxf4 Qe2+ 36. Kg1 Qe1+ 37. Kg2 Qxe5 38. Qf5+ Kd6 39. Qxe5+
Kxe5 40. Rf7 Bf6 41. Rh7 Ke4 42. Rxh5 Be7 43. Rh7 Bd6 44. Rg7 Kd4 45. Rd7 1-0

[Event "15. Obert Int. Sant Martí 2013 - B"]
[Site "Barcelona ESP"]
[Date "2013.07.20"]
[Round "8.3"]
[White "Saiz Rodrigo, Josep Fernando"]
[Black "Varela La Madrid, Maria"]
[Result "0-1"]
[WhiteElo "1950"]
[BlackElo "1927"]
[PlyCount "74"]
[EventDate "2013.07.13"]
[EventType "swiss"]
[EventRounds "9"]
[EventCountry "ESP"]
[SourceTitle "Ajedrez en Madrid"]
[Source "lmi"]
[SourceDate "2013.07.13"]
[SourceVersion "1"]
[SourceVersionDate "2019.06.21"]
[SourceQuality "1"]

1. e4 e5 2. Nc3 Nc6 3. g3 Bc5 4. Bg2 h5 5. h3 h4 6. g4 Nge7 7. Nge2 Ng6 8. d3
d6 9. Na4 Nd4 10. Nxd4 Bxd4 11. c3 Bxf2+ 12. Kxf2 b5 13. b4 bxa4 14. Qxa4+ Bd7
15. Qd1 a5 16. Rf1 axb4 17. cxb4 Ra4 18. a3 O-O 19. Kg1 Qa8 20. Qb3 Be6 21. Qc3
Qa7+ 22. Kh2 Rc8 23. Bb2 c5 24. Qd2 cxb4 25. axb4 Nf4 26. Bf3 Bb3 27. Rxa4 Qxa4
28. Rc1 Rb8 29. Bc3 Qb5 30. Rb1 Be6 31. d4 Ra8 32. Ra1 Rc8 33. d5 Bd7 34. Bg2
Qc4 35. Rc1 Qe2 36. Kg1 Rxc3 37. Qxf4 exf4 0-1

[Event "15. Obert Int. Sant Martí 2013 - B"]
[Site "Barcelona ESP"]
[Date "2013.07.20"]
[Round "8.4"]
[White "Serentill Tost, Eduard"]
[Black "Esteban Lupianez, Jose Miguel"]
[Result "0-1"]
[WhiteElo "1665"]
[BlackElo "1788"]
[PlyCount "28"]
[EventDate "2013.07.13"]
[EventType "swiss"]
[EventRounds "9"]
[EventCountry "ESP"]
[SourceTitle "Ajedrez en Madrid"]
[Source "lmi"]
[SourceDate "2013.07.13"]
[SourceVersion "1"]
[SourceVersionDate "2019.06.21"]
[SourceQuality "1"]

1. e4 c5 2. Nf3 Nc6 3. d4 cxd4 4. Nxd4 g6 5. Be3 Nf6 6. Nc3 d6 7. Be2 Bg7 8.
O-O O-O 9. f3 Bd7 10. Qd2 a6 11. Rad1 Rc8 12. Nxc6 Rxc6 13. Bh6 Qb6+ 14. Kh1
Qxb2 0-1

[Event "15. Obert Int. Sant Martí 2013 - B"]
[Site "Barcelona ESP"]
[Date "2013.07.20"]
[Round "8.5"]
[White "Hinarejos Montano, Andres"]
[Black "Pascual Duran, Pau"]
[Result "1-0"]
[WhiteElo "1610"]
[BlackElo "1473"]
[PlyCount "57"]
[EventDate "2013.07.13"]
[EventType "swiss"]
[EventRounds "9"]
[EventCountry "ESP"]
[SourceTitle "Ajedrez en Madrid"]
[Source "lmi"]
[SourceDate "2013.07.13"]
[SourceVersion "1"]
[SourceVersionDate "2019.06.21"]
[SourceQuality "1"]

1. f4 f5 2. Nf3 Nf6 3. Nc3 e6 4. e3 Be7 5. Be2 Ne4 6. O-O O-O 7. Nxe4 fxe4 8.
Ne5 d5 9. b3 Nd7 10. Ng4 Bf6 11. Rb1 c5 12. Nxf6+ Rxf6 13. Bb2 Rh6 14. Qe1 Qe8
15. d3 e5 16. Qg3 d4 17. exd4 exd4 18. dxe4 Qxe4 19. Bd3 Qc6 20. Rbe1 Nf6 21.
Bc1 Nh5 22. Qf2 Rf6 23. Qh4 Qd5 24. Bc4 Be6 25. Bxd5 Bxd5 26. Qxh5 Rd8 27. Re8+
Rxe8 28. Qxe8+ Rf8 29. Qe5 1-0

[Event "15. Obert Int. Sant Martí 2013 - B"]
[Site "Barcelona ESP"]
[Date "2013.07.20"]
[Round "8.6"]
[White "Dominguez Carnero, Javier"]
[Black "Perez Garcia, Jose Miguel"]
[Result "1/2-1/2"]
[WhiteElo "1913"]
[BlackElo "1950"]
[PlyCount "36"]
[EventDate "2013.07.13"]
[EventType "swiss"]
[EventRounds "9"]
[EventCountry "ESP"]
[SourceTitle "Ajedrez en Madrid"]
[Source "lmi"]
[SourceDate "2013.07.13"]
[SourceVersion "1"]
[SourceVersionDate "2019.06.21"]
[SourceQuality "1"]

1. d4 Nf6 2. Nf3 e6 3. c3 b6 4. Bf4 Bb7 5. h3 Be7 6. e3 O-O 7. Be2 c5 8. O-O
Nc6 9. Nbd2 cxd4 10. exd4 d6 11. Re1 Qd7 12. a4 Rfe8 13. Nc4 Nd5 14. Bh2 Bf8
15. Bf1 Rad8 16. Qc2 h6 17. Rad1 Rc8 18. Qb3 Red8 1/2-1/2

[Event "15. Obert Int. Sant Martí 2013 - B"]
[Site "Barcelona ESP"]
[Date "2013.07.20"]
[Round "8.7"]
[White "Aprea, Daniele"]
[Black "Diaz Nieto, Alberto"]
[Result "1-0"]
[WhiteElo "1945"]
[BlackElo "1918"]
[PlyCount "85"]
[EventDate "2013.07.13"]
[EventType "swiss"]
[EventRounds "9"]
[EventCountry "ESP"]
[SourceTitle "Ajedrez en Madrid"]
[Source "lmi"]
[SourceDate "2013.07.13"]
[SourceVersion "1"]
[SourceVersionDate "2019.06.21"]
[SourceQuality "1"]

1. d4 f5 2. Nc3 Nf6 3. Bg5 d5 4. Bxf6 exf6 5. e3 Nc6 6. Bb5 Qd6 7. Qf3 Be6 8.
Nge2 O-O-O 9. Nf4 Bf7 10. Nd3 Ne7 11. Nc5 Kb8 12. Bd3 g6 13. a4 Nc6 14. a5 Re8
15. O-O Nb4 16. Rfc1 Nxd3 17. cxd3 a6 18. b4 c6 19. N3a4 Be6 20. Rc3 Rc8 21.
Rac1 g5 22. Nb6 Rc7 23. b5 axb5 24. a6 Ka7 25. axb7 Rxb7 26. Nxb7 Kxb7 27. Rxc6
Qxc6 28. Rxc6 Kxc6 29. Nxd5 Bxd5 30. Qxf5 Be7 31. e4 Bb3 32. d5+ Kc5 33. Qd7
Bd8 34. Qc6+ Kb4 35. d4 Be7 36. d6 Bd8 37. e5 fxe5 38. dxe5 Rf8 39. Qe4+ Bc4
40. e6 Bb6 41. e7 Rxf2 42. Qe1+ Ka4 43. Qxf2 1-0

[Event "15. Obert Int. Sant Martí 2013 - B"]
[Site "Barcelona ESP"]
[Date "2013.07.20"]
[Round "8.8"]
[White "Riera Danes, Manel"]
[Black "Navarro Gutierrez, Andres Camilo"]
[Result "0-1"]
[WhiteElo "1930"]
[BlackElo "1909"]
[PlyCount "56"]
[EventDate "2013.07.13"]
[EventType "swiss"]
[EventRounds "9"]
[EventCountry "ESP"]
[SourceTitle "Ajedrez en Madrid"]
[Source "lmi"]
[SourceDate "2013.07.13"]
[SourceVersion "1"]
[SourceVersionDate "2019.06.21"]
[SourceQuality "1"]

1. e4 e6 2. d4 d5 3. Nd2 Nf6 4. e5 Nfd7 5. Bd3 b6 6. Ne2 c5 7. c3 cxd4 8. cxd4
Ba6 9. Nf3 Bxd3 10. Qxd3 Be7 11. O-O Nc6 12. Be3 Rc8 13. Rac1 O-O 14. Nf4 Rc7
15. Qb5 Qa8 16. h4 Rfc8 17. Qd3 Nb4 18. Qb3 Rxc1 19. Rxc1 Rxc1+ 20. Bxc1 Qc6
21. Bd2 Qc4 22. Qa4 Nc6 23. b4 b5 24. Qa6 Nxd4 25. Nxd4 Qxd4 26. Qc8+ Nf8 27.
Be3 Qxb4 28. Qc7 d4 0-1

[Event "15. Obert Int. Sant Martí 2013 - B"]
[Site "Barcelona ESP"]
[Date "2013.07.20"]
[Round "8.9"]
[White "Casset Bello, Elena"]
[Black "Catalan Escale, Enric"]
[Result "1-0"]
[WhiteElo "1908"]
[BlackElo "1988"]
[PlyCount "93"]
[EventDate "2013.07.13"]
[EventType "swiss"]
[EventRounds "9"]
[EventCountry "ESP"]
[SourceTitle "Ajedrez en Madrid"]
[Source "lmi"]
[SourceDate "2013.07.13"]
[SourceVersion "1"]
[SourceVersionDate "2019.06.21"]
[SourceQuality "1"]

1. d4 d5 2. c4 c6 3. Nf3 Nf6 4. cxd5 cxd5 5. Nc3 Nc6 6. Bf4 a6 7. Rc1 Bf5 8. e3
e6 9. Bd3 Bxd3 10. Qxd3 Bd6 11. O-O O-O 12. a3 Bxf4 13. exf4 Na5 14. Ne5 Rc8
15. Na4 b5 16. Nc5 Qd6 17. b4 Nc4 18. Ra1 Ra8 19. Rfb1 Nb6 20. f5 exf5 21. Qxf5
Rfe8 22. Re1 Re7 23. f4 a5 24. Qd3 Nc4 25. a4 axb4 26. axb5 Rea7 27. Rxa7 Rxa7
28. Nxc4 dxc4 29. Qxc4 Qxf4 30. Nd7 Rc7 31. Nxf6+ gxf6 32. Qxb4 Kg7 33. Qb2 Rb7
34. b6 Qd6 35. Rb1 Qc6 36. Qb3 Qe4 37. Qb4 f5 38. Qb2 f6 39. Qb4 Re7 40. h3
Qe3+ 41. Kh1 f4 42. Qb3 Qf2 43. Qf3 Re1+ 44. Rxe1 Qxe1+ 45. Kh2 Qb4 46. b7 Qd6
47. Qg4+ 1-0

[Event "15. Obert Int. Sant Martí 2013 - B"]
[Site "Barcelona ESP"]
[Date "2013.07.20"]
[Round "8.10"]
[White "Fernandez Martin, Javier"]
[Black "Torres Maiquez, Sergio"]
[Result "1/2-1/2"]
[WhiteElo "1962"]
[BlackElo "1908"]
[PlyCount "55"]
[EventDate "2013.07.13"]
[EventType "swiss"]
[EventRounds "9"]
[EventCountry "ESP"]
[SourceTitle "Ajedrez en Madrid"]
[Source "lmi"]
[SourceDate "2013.07.13"]
[SourceVersion "1"]
[SourceVersionDate "2019.06.21"]
[SourceQuality "1"]

1. e4 e5 2. Nc3 Nf6 3. g3 d5 4. exd5 Nxd5 5. Bg2 Nxc3 6. bxc3 Bd6 7. Ne2 O-O 8.
O-O c6 9. d3 Qc7 10. f4 Bg4 11. h3 Bxe2 12. Qxe2 Nd7 13. Rb1 exf4 14. Bxf4 Bxf4
15. Rxf4 Rfe8 16. Qh5 Nf6 17. Qg5 Re5 18. Rf5 Rxf5 19. Qxf5 Qxg3 20. Rxb7 Re8
21. Rb1 Nd5 22. Qf2 Qg5 23. Kh2 Qe5+ 24. Qg3 Qxc3 25. Rb8 Nf6 26. Qd6 g6 27.
Rxe8+ Nxe8 28. Qxc6 1/2-1/2

[Event "15. Obert Int. Sant Martí 2013 - B"]
[Site "Barcelona ESP"]
[Date "2013.07.20"]
[Round "8.11"]
[White "Carballo Cancela, Manuel"]
[Black "Aguilera Bonaque, Juan Carlos"]
[Result "1-0"]
[WhiteElo "1850"]
[BlackElo "1957"]
[PlyCount "58"]
[EventDate "2013.07.13"]
[EventType "swiss"]
[EventRounds "9"]
[EventCountry "ESP"]
[SourceTitle "Ajedrez en Madrid"]
[Source "lmi"]
[SourceDate "2013.07.13"]
[SourceVersion "1"]
[SourceVersionDate "2019.06.21"]
[SourceQuality "1"]

1. e4 c5 2. Nc3 a6 3. g3 b5 4. Bg2 Bb7 5. d3 d6 6. Be3 e5 7. Qd2 Nf6 8. h3 Nc6
9. Nge2 Nd4 10. O-O Be7 11. Kh2 O-O 12. f4 b4 13. Nd1 Nxe2 14. Qxe2 exf4 15.
Bxf4 Nd7 16. Ne3 Ne5 17. Ng4 Nxg4+ 18. Qxg4 Bf6 19. e5 dxe5 20. Bxb7 Ra7 21.
Be3 Rxb7 22. Bxc5 Re8 23. Rf2 Be7 24. Bxe7 Qxe7 25. Raf1 f6 26. Rxf6 Qc5 27.
R6f2 e4 28. dxe4 Rbe7 29. Qf5 Rc8 1-0